000 00706cam a22002531 4500
001 21518
003 BD-RjUL
005 20211209000709.0
008 140304s1962 enka 001 0 eng
035 _a(BD-RjUL)21582
035 _a(OCoLC)3599875
040 _aDLC
_cNSufR
_dUk
_dDLC
_dBD-RjUL
_beng
041 _aeng
082 _a910
_bCRE
100 1 _aCrone, G. R.
_q(Gerald Roe)
_966460
245 1 4 _aThe explorers :
_ban anthology of discovery /
_cG.R. Crone
260 _aLondon :
_bCasell,
_cc1962.
300 _axvii, 361 p. :
_billus. ;
_c22 cm.
650 0 _aExplorers.
_922219
650 0 _aDiscoveries in geography.
_966295
942 _2ddc
_cBK
999 _c21518
_d21518